000
00470nam a2200169Ia 4500
008
090711s9999 xx 000 0 und d
082
_b
58784
100
_a
नारायण जयप्रकाश
245
_a
स्वगत
260
_c
1976
300
_a
135
600
_a
नारायण जयप्रकाश
630
_a
स्वगत
700
_a
नारायण जयप्रकाश
730
_a
स्वगत
942
_c
BOOK
999
_c
319034
_d
319034